Регионална библиотека "Любен Каравелов" - Русе

Ай Ем Сори (Запис номер 447735)

MARC детайли
000 -Лидер
Контролно поле с фиксирана дължина 01355nam a2200289 a 4500
003 - Код на организацията, давaща контролен номер
Контролно поле BLK
005 - Дата и час на последна редакция
Контролно поле 20230628121621.0
008 - Елементи от данни с фиксирана дължина
fixed length control field 220302b bul|||||r ||||||| ||bul||
040 ## - Източник на каталожния запис
Идентификатор на билиотеката - собственик на записа BLK
041 ## - Код за език
Код за езика на текст/звукозапис или на отделно заглавие Български
Код за езика КДБФ Български
080 ## - УДК
Текстов определител УДК Куклен театър. Марионетен театър. Вж и 791.5
УДК код - определител по УДК 792.97
УДК определител (497.215)(062)
УДК - код + определител 792.97(497.215)(062)
111 ## - Редна дума - Наименование на мероприятие, временен колективен автор, като основен търсещ признак (конференция, симпозиум и др.)
9 (RLIN) 471244
Наименование на мероприятието или административната единица, като елемент от редна дума Държавен Куклен Театър
Място на провеждане на мероприятието Русе
139 ## - Редно поле
Редна дума Държавен куклен театър, Русе
Авторски знак Дър - Д 96
245 10 - Сведения за заглавието
Заглавие Ай Ем Сори
Подзаглавни данни Сатирична куклена пиеса за възрастни от Христо Бойчев
Физически носител (вид на носителя) [Малотир. изд.]
260 ## - Област на издателските данни
Място на издаване, разпространение и проч. Русе
Име на издателя, разпространителя и проч. б. и.
Година на издаване 1987
300 ## - Физическа характеристика
Страници 4 с.
Размери/Мащаб 21 см
380 ## - Жанр
Жанр Изкуство
500 ## - Общи забележки
Забележка Сезон 1987/ 1988 г. ; Постановка: Боньо Лунгов, Съби Събев ; Сценография: Васил Свещаров, Радослав Рачев ; Муз. оформление: Александър Джамбазов, Иван Маринов ; Премиера 23 февр. 1988 г.
653 #7 - Ключова дума – ненормативна
9 (RLIN) 189522
Ключова дума куклен театър
653 #7 - Ключова дума – ненормативна
9 (RLIN) 194632
Ключова дума програми
653 #7 - Ключова дума – ненормативна
9 (RLIN) 197100
Ключова дума спектакли
852 ## - Местоположение
Фондова буква Краезнание
Систематично-азбучна сигнатура К 792/Д 96
999 ## - СИСТЕМНИ КОНТРОЛНИ НОМЕРА
Koha biblionumber 447735
Koha biblioitemnumber 447735
942 ## - АРТИКУЛИ
Вид на библиотечния материал Книги
Скрит в OPAC Не
Периодичен библиозапис Да
Koha issues (borrowed), all copies 1
944 ## - СЪЗДАВАНЕ И РЕДАКЦИЯ на ЗАПИСА
Създаване/Редакция Създаване
Дата на регистрацията/редакция 2022-03-08
Служител, извършил регистрацията/редакцията ВЙ
999 ## - СИСТЕМНИ КОНТРОЛНИ НОМЕРА
Koha biblioitemnumber 447735
999 ## - СИСТЕМНИ КОНТРОЛНИ НОМЕРА
Koha biblioitemnumber 447669
Наличности
Код за отписване Код за изгубен артикул Източник на класификационната схема Код за повреда Коз за рестрикции Код за отдаване Артикулен № Име на библиотеката - собственик Име на библиотеката, в която се намира в момента Статус (Текущо местоположение) Дата на вписване в системата Местоположение - отдел Цена в лева Систематично азбучна сигнатура Баркод Цена в евро Служебен тип на артикула
  Не е изгубен Universal Decimal Classification Не е повреден само за читалня ползва се в читалня 876228 Регионална библиотека "Любен Каравелов" Русе Регионална библиотека "Любен Каравелов" Русе Краезнание 2022-03-17 Краезнание 1.00 К 792/Д 96 120000868747 0.51 Книги
Vip Innovations Ltd, Rousse, Bulgaria 2025